000 00460nam a2200193Ia 4500
001 12275
003 GE_BSU
008 181216s||||||||xx |||||||||||||| ||und||
020 _a9780470083604
040 _cGE_BSU
080 _a657
100 _aWeygant,Jerry J. Donald,E. Kieso
245 _aHospitality financial Accounting
260 _c2009
300 _a518p.ill.28cm.
541 _h129Gel.
653 _aHospitality financial Accounting
942 _cBK
999 _c45451
_d45451